00456nam a2200181 a 4500001001300000003000900013005001700022008004100039020001000080082001700090100002400107245002100131260003600152300000900188500003500197505001900232650002300251nice12345678IN_TiNIC20260116013907.0050524s1919 teha grp 000 0 per  ac10000a181.07bRAZ2 aRazi Al, Fakhruddin aChahardah Risala aTehranbTehran Universityc1919 a326p aincludes index and biblioraphy2 aArabic-English aPhilosophy-Islamic